01028nam a22002657a 45000010005000000030006000050050017000110080041000280200018000690400029000870500014001160820010001301000021001402450042001612500056002032600039002593000044002984900021003425050008003635200276003715210020006475210020006676500032006877000043007194823FISKH20260318105755.0241016b cb ||||| |||| 00| 0 eng d a9780439023535 aFISKHbengcFISKHdFISKH aPZ7.C6837 a813.6 aCollin, Suzanne  aCatching fire / cby Suzanne Collins  aFirst Scholastic paperback printing, September 2010 aNew York : bScholastic ; c2009 . a391 pages : billustrations ;c20 cm .  aThe Hunger Games aU  aBy winning the annual Hunger Games, District 12 tributes Katniss Everdeen and Peeta Mellark have secured a life of safety and plenty for themselves and their families, but because they won by defying the rules, they unwittingly become the faces of an impending rebellion.8 a820 bLexile 8 aU bRaz-Plus  asurvival vscience fiction  aParisi , Elizabeth B . eBook designer